Provincias de España más adivinadas - Estadísticas

Estadísticas generales
  • Esta prueba ha sido intentada 34 veces
  • La puntuación promedio es 13 de 15
Estadísticas de respuestas
# % Provincia % Correcto
2 97% Barcelona
97%
1 98% Madrid
97%
4 94% Sevilla
97%
3 95% Valencia
97%
6 90% Cádiz
91%
8 89% Málaga
91%
14 85% Zaragoza
88%
10 86% Alicante
85%
7 89% Asturias
82%
9 87% Granada
82%
5 92% Murcia
82%
12 85% Gerona
79%
13 85% León
70%
10 86% Islas Baleares
67%
15 84% Badajoz
55%
No se encontraron pruebas coincidentes
Distribución de puntuación
Porcentaje de gente con cada puntuación
Porcentaje por número respondido
Historial de tus puntuaciones
No has intentado esta prueba.